| 000 | 01053nam a2200289 i 4500 | ||
|---|---|---|---|
| 001 | 6104 | ||
| 003 | ES-MaACL | ||
| 005 | 20230906144811.0 | ||
| 007 | t| | ||
| 008 | 890711s1988 xxu b ||||1| eng d | ||
| 020 | _a0-8240-8732-1 | ||
| 080 | _a86.0(83)(Neruda,P.):012 | ||
| 080 | _a012 Neruda,P. | ||
| 100 | 1 |
_aWoodbridge, Hensley Charles. _9117323 |
|
| 245 | 1 | 0 |
_aPablo Neruda _b: an annotated bibliography of biographical and critical studies / _cHensley C. Woodbridge and David S. Zubatsky. |
| 260 |
_aNew York ; _aLondon : _bGarland, _c1988. |
||
| 300 |
_aXVIII, 629 p. ; _c22 cm. |
||
| 490 | 1 |
_aGarland reference library of the humanities ; _v593 |
|
| 500 | _aIndices. | ||
| 600 | 1 | 4 |
_aNeruda, Pablo, _d1904-1973- _xCrÃtica e interpretación _985399 |
| 600 | 1 | 4 |
_aNeruda, Pablo, _d1904-1973 _vBiobibliografias _985398 |
| 700 | 1 |
_aZubatsky, David. _9118389 |
|
| 830 | 0 |
_aGarland reference library of the humanities ; _v593 _9182051 |
|
| 852 |
_aES-MaACL _jL-13179 _bR.116364 _z. - tela |
||
| 942 | _2udc | ||
| 999 |
_c6104 _d6104 |
||